000 00296 a2200145 4500
001 180617
020 _a
040 _cMagnum
100 _a-
240 1 0 _aFoz do iguacu/edelbra
_lpor
245 1 0 _aFoz do iguacu/edelbra
362 0 _a1899
697 _aMAGNITO: I/PARADIDATICO
942 _cBK
999 _c180617
_d180617